Générique Ivandoe - Paroles - Statistiques

Statistiques générales
  • Ce quiz a été pris 2 fois
  • Le résultat moyen est 7 sur 15
Statistiques - réponses
Paroles % Correct
Afin de mettre la main sur la Plume d'{Or}
100%
C'est le plus brave et le plus {fort}
100%
Et c'est aussi le plus {beau}
100%
Il dégaine son {épée}
100%
{Ivandoe}
100%
{Ivandoe}
100%
Prince {Ivandoe}
50%
C'est le plus {fringuant}
0%
C'est le plus {noble}
0%
Dans une quête {dangereuse}
0%
Dès qu'il se sent {provoqué}
0%
Le plus {épatant}
0%
Le plus {féroce}
0%
Sur la Montagne de l'{Aigle}
0%
Un jeune prince s'{engage}
0%
Aucun quiz correspondant
Distribution des résultats
% des personnes avec chaque résultat
Percentile par nombre de réponses
Votre historique - résultats
Vous n’avez pas pris ce quiz